Voc allemand - Loisirs - Statistiques

Statistiques générales
  • Ce quiz a été pris 26 fois
    18 depuis la dernière actualisation
  • Le résultat moyen est 44 sur 104
Statistiques - réponses
Hint Réponse % Correct
Die Trompete, -n La trompette
94%
Der Rock Le rock
94%
Der Sport Le sport
94%
Die Gitarre, -n La guitare
88%
Die Musik La musique
88%
Die CD, -s Le CD
88%
Der Film, -e Le film
88%
Der Jazz Le jazz
88%
Die Karte, -n La carte
81%
Das Foto, -s La photo
81%
Der Fotoapparat, -e L'appareil photo
81%
Die Kamera, -s L'appareil photo / la caméra
81%
Das Klavier, -e Le piano
81%
Der Roman, -e Le roman
81%
Die Kassette, -n La cassette
75%
Der Tanz, ¨-e La danse
75%
Die Literatur La littérature
75%
Der Star, -s La star
75%
Das Kino, -s Le cinéma
75%
Das Theater Le théâtre
75%
Fotografieren Photographie
75%
Tanzen Danser
69%
Gewinnen Gagner
69%
Die Disko La disco
69%
Der Sänger Le chanteur
69%
Das Spiel, -e Le jeu / la partie
69%
Das Publikum Le public
69%
Das Glück La chance
63%
Der Rundfunk / das Radio, -s La radio
63%
Das Fernsehen La télévision
63%
Der Ball, ¨-e Le ballon
63%
Der Kommentar, -e Le commentaire
63%
Die Zeichnung, -en Le dessin
63%
Das Hobby, -s Le hobby
63%
Der Maler Le peintre
63%
Fernsehen Regarder la télévision
63%
Trainieren (S')entraîner
63%
Das Lied, -er La chanson
56%
Das Theaterstück, -e La pièce de théâtre
56%
Die Kunst, ¨-e L'art
56%
Der Autor, -en L'auteur
56%
Das Drama, Dramen Le drame
56%
Die Rolle, -n Le rôle
56%
Das Stadion, Stadien Le stade
56%
Das Instrument, -e L'instrument
56%
Das Orchester L'orchestre
56%
Malen Peindre
56%
Verlieren Perdre
56%
Zeichnen Dessiner
50%
Treiben Faire / pratiquer
50%
Die Schönheit La beauté
50%
Der Künstler L'artiste
50%
Das Ziel, -e Le but
50%
Der Schauspieler L'acteur
44%
Die Puppe, -n La poupée
44%
Springen Sauter
44%
Bekannt / Berühmt Connu / célèbre
38%
Die Geige, -n Le violon
38%
Die Oper, -n L'opéra
38%
Der Schriftsteller L'écrivain
31%
Der Geschmack Le goût
31%
Klatschen Applaudir
25%
Das Spielzeug Le jouet
25%
Der Eintritt L'entrée
25%
Das Schach Les échecs
25%
Die Nachrichten Les informations
25%
Der Zuschauer Le spectateur
25%
Die Ausstellung, -en L'exposition
25%
Einschalten Allumer
19%
Entwickeln Développer
19%
Der Lautsprecher Le haut-parleur
19%
Die Freizeit Les loisirs
19%
Der Fernseher Le téléviseur
19%
Der Sieger Le vainqueur
19%
Das Werk, -e L'oeuvre
19%
Bewundern Admirer
13%
Hübsch Joli
13%
Hässlich Laid
13%
Werfen Lancer
13%
Das Märchen Le conte de fées
13%
Das Tor, -e Le goal
13%
Das Gedicht, -e Le poème
13%
Der Dichter Le poète
13%
Die Mannschaft, -en L'équipe
13%
Zuschauen Regarder
13%
Fangen Attraper
6%
Turnen Faire de la gym
6%
Der Wettkampf, ¨-e La compétition
6%
Der Gegner L'adversaire
6%
Der Verein, -e Le club
6%
Die Platte, -n Le disque
6%
Der Krimi, -s Le film policier
6%
Der Kassettenrekorder Le magnétophone
6%
Die Erzählung, -en Le récit
6%
Der Vorhang, ¨-e Le rideau
6%
Das Bild, -er Le tableau
6%
Spannend Captivant
0%
Senden Diffuser
0%
Der Schiedsrichter L'arbitre
0%
Die Aufführung, -en / Die Vorstellung, -en La représentation
0%
Die Sendung, -en L'émission
0%
Der Hit, -s Le tube
0%
Herrlich / Grossartig Magnifique
0%
Vollkommen Parfait
0%
Aucun quiz correspondant
Distribution des résultats
% des personnes avec chaque résultat
Percentile par nombre de réponses
Votre historique - résultats
Vous n’avez pas pris ce quiz depuis la dernière actualisation